Statistics for 25 Largest Island Countries by Area

Click here to take the quiz!

General Stats

  • This quiz has been taken 47 times
    (12 since last reset)
  • The average score is 22 of 25

Answer Stats

AreaIsland Country% Correct
13,943Bahamas
100%
109,884Cuba
100%
9,251Cyprus
100%
103,000Iceland
100%
1,904,569Indonesia
100%
70,273Ireland
100%
377,930Japan
100%
587,041Madagascar
100%
270,467New Zealand
100%
28,896Solomon Islands
100%
242,900United Kingdom
100%
48,671Dominican Republic
90%
18,272Fiji
90%
27,750Haiti
90%
10,991Jamaica
90%
462,840Papua New Guinea
90%
342,353Philippines
90%
65,610Sri Lanka
90%
36,193Taiwan
90%
5,765Brunei
80%
2,842Samoa
80%
12,189Vanuatu
80%
14,874Timor-Leste
70%
5,130Trinidad and Tobago
70%
4,033Cabo Verde
20%

Score Distribution

Percentile by Number Answered

Percent of People with Each Score

Your Score History

You have not taken this quiz since the last reset